000 00600nam a2200121Ia 4500
008 220620s9999||||xx |||||||||||||| ||und||
100 _aGoslinga, C.
245 0 _aCuraçao and Guzmán Blanco
546 _aEnglish[eng]
650 _aindonesia||Antonio Guzmán Blanco||Brakel||Caracas||Curaçao||Dutch people||Netherlands||The Hague||United States||Venezuela
856 _uhttps://library.oapen.org/bitstream/20.500.12657/32202/1/613408.pdf||https://library.oapen.org/bitstream/20.500.12657/32202/1/613408.pdf||https://library.oapen.org/bitstream/20.500.12657/32202/1/613408.pdf
942 _cEB
999 _c31601
_d31601